000 00228nam a2200097Ia 4500
005 20250424112902.0
008 250424s9999 xx 000 0 und d
300 _avi, 214 p. ; 24 cm.
650 _aSociology--History.
942 _cSR
999 _c37694
_d37694